Spice Girls Studio Album Discography - Statistics

General Stats
  • This quiz has been taken 34 times
  • The average score is 25 of 34
Answer Stats
Hint Answer % Correct
Album #1 Spice
100%
1. Wannabe
100%
6. Mama
96%
2. Say You'll Be There
96%
1. Spice Up Your Life
96%
2. Stop
96%
3. Too Much
96%
11. Goodbye
92%
Album #2 Spiceworld
92%
3. 2 Become 1
88%
7. Who Do You Think You Are?
88%
1. Holler
83%
6. Move Over
83%
5. Never Give Up on the Good Times
83%
9. Viva Forever
83%
4. Love Thing
79%
3. Let Love Lead the Way
75%
Album #3 Forever
71%
5. Last Time Lover
71%
10. The Lady Is a Vamp
71%
7. Do It
67%
9. Naked
63%
4. Saturday Night Divas
63%
8. Something Kinda Funny
63%
8. Denying
58%
10. If U Can't Dance
58%
10. Oxygen
58%
5. Get Down with Me
50%
9. If You Wanna Have Some Fun
50%
7. Weekend Love
50%
4. Right Back at Ya
42%
2. Tell Me Why
38%
8. Time Goes By
33%
6. Wasting My Time
29%
No matching quizzes found
Score Distribution
Percent of People with Each Score
Percentile by Number Answered
Your Score History
You have not taken this quiz